000 00426nam a2200121Ia 4500
005 20251222143257.0
008 251222s9999||||xx |||||||||||||| ||spa||
082 _a379.2/E26
100 _aEdwars Risopatrón, Verónica
245 0 _aLa Construcción de las Políticas Educativas en América Latina: Educación para la Democracia y la Modernidad Crítica en Bolivia, Chile, México y el Perú
264 _bTarea
942 _cLIB
999 _c15199
_d15199